[Event "Lappeenranta We LprSK"]
[Site "Lappeenranta"]
[Date "2013.05.26"]
[Round "4"]
[White "Muhonen, Kari"]
[Black "Piironen, Petri"]
[Result "1-0"]
[WhiteElo "1664"]
[BlackElo "1905"]
[PlyCount "45"]
[EventDate "2013.05.25"]
[EventType "swiss"]
[EventRounds "5"]
[EventCountry "FIN"]
[SourceTitle "EXT 2022"]
[Source "ChessBase"]
[SourceDate "2021.10.06"]
[SourceVersion "1"]
[SourceVersionDate "2021.10.06"]
[SourceQuality "1"]

1. e4 e5 2. Bc4 Nf6 3. Nc3 Bc5 4. Nf3 d6 5. h3 0-0 6. d3 c6 7. Bg5 b5 8. Bb3 Be6 9. 0-0 Nbd7 10. a3 Bxb3 11. cxb3 Qb6 12. b4 Bd4 13. Nxd4 exd4 14. Ne2 a5 15. Ng3 axb4 16. axb4 h6 17. Bf4 c5 18. Qd2 Rxa1 19. Rxa1 Ne8 20. Nf5 Ne5 21. Ra8 Qc7 22. bxc5 dxc5 23. Rc8 1-0

[Event "Lappeenranta We LprSK"]
[Site "Lappeenranta"]
[Date "2013.05.25"]
[Round "3"]
[White "Miettinen, Keijo"]
[Black "Muhonen, Kari"]
[Result "1-0"]
[WhiteElo "1912"]
[BlackElo "1664"]
[PlyCount "83"]
[EventDate "2013.05.25"]
[EventType "swiss"]
[EventRounds "5"]
[EventCountry "FIN"]
[SourceTitle "EXT 2022"]
[Source "ChessBase"]
[SourceDate "2021.10.06"]
[SourceVersion "1"]
[SourceVersionDate "2021.10.06"]
[SourceQuality "1"]

1. e4 c5 2. Nf3 d6 3. d4 cxd4 4. Nxd4 Nf6 5. Nc3 a6 6. Be2 e5 7. Nb3 Be6 8. 0-0 Be7 9. f4 Qc7 10. Be3 Bc4 11. fxe5 dxe5 12. Nd5 Nxd5 13. exd5 Bxe2 14. Qxe2 0-0 15. c4 b6 16. Rac1 Nd7 17. Rf3 f5 18. Rh3 f4 19. Bd4 Bf6 20. Bc3 a5 21. Nd2 Nc5 22. Ne4 Nxe4 23. Qxe4 g6 24. b3 Bg7 25. Rd3 Qd6 26. Be1 Rf7 27. Bf2 Rc8 28. Rdc3 Rfc7 29. h4 Qf6 30. c5 bxc5 31. Rxc5 Qd6 32. Rc6 Qd7 33. Qc4 Rxc6 34. dxc6+ Qf7 35. Bb6 Bh6 36. c7 Qxc4 37. Rxc4 Bg7 38. Bxa5 Kf7 39. b4 Ke6 40. b5 Kd5 41. b6 Kxc4 42. b7 1-0